000 00458pab a2200157 454500
008 180718b2008 xxu||||| |||| 00| 0 eng d
100 _aDalton, Russell J.
245 _aThe quantity and the quality of party systems: party system polarization, its measurement, and its consequences
260 _c2008
300 _ap.899-920.
362 _aJul
650 _aPolitical parties
773 _aComparative Political Studies
908 _aN
909 _a79147
999 _c79147
_d79147